000 00458nam a2200181Ia 4500
001 13287
005 20260306164750.0
008 260306t2007||||xx |||||||||||||| ||spa||
041 _aESP
082 _a001.42
_bK81
100 _aKreimerman, Norma
_eAUT
245 0 _aMétodos de investigación:
_bpara tesis y trabajos semestrales
260 _c2007
300 _a143 páginas :
_c23 cm.
650 _aGEN
654 _aCHU
942 _cLIB
_dJUS
_fJUS
_2ddc
_n
999 _c13287
_d13287